El turismo en China, ya no es un sueño
保存先:
| 第一著者: | |
|---|---|
| フォーマット: | 図書 |
| 言語: | スペイン語 |
| 出版事項: |
Beijing
China Intercontinental
1998
|
| シリーズ: | Series Básicas de China
|
| 主題: | |
| タグ: |
タグ追加
タグなし, このレコードへの初めてのタグを付けませんか!
|
MARC
| LEADER | 00000nam a2200000 a 4500 | ||
|---|---|---|---|
| 001 | UCL4795 | ||
| 003 | CL-VaPUC | ||
| 008 | 040227e19980000ch |||||||||||||||||spa|d | ||
| 020 | |a 7801133544 | ||
| 082 | 0 | 4 | |a 338.4791 |b LIH |2 21 |
| 100 | 0 | |a Li, Hairui |e author |9 482450 | |
| 245 | 1 | 3 | |a El turismo en China, ya no es un sueño |
| 300 | |a 174 p | ||
| 942 | |c BK | ||
| 945 | |d 20040227 00:00:00 |a cmena | ||
| 260 | |a Beijing |b China Intercontinental |c 1998 | ||
| 650 | 0 | |a Industria turística |9 347913 | |
| 650 | 0 | |a Turismo |9 308920 | |
| 651 | 0 | |a China |9 257545 | |
| 583 | |a last modification |c 20130822 02:20:20 |k Rodrigo Vera | ||
| 490 | 0 | |a Series Básicas de China | |
| 999 | |c 307563 |d 307561 | ||
| 952 | |0 0 |1 0 |4 0 |6 338_479100000000000_LIH_1998 |7 0 |8 A |9 373581 |a BIBGIM |b BIBGIM |d 2019-11-21 |i 3971805 |o 338.4791 LIH 1998 |p 3971805 |r 2025-01-15 |w 2019-11-21 |y BK |k ORI | ||